Statistics for Afghanistan Country Profile Quiz

Click here to take the quiz!

General Stats

  • This quiz has been taken 1,415 times
    (1,412 since last reset)
  • The average score is 11 of 14

Answer Stats

HintAnswer% Correct
Capital CityKabul
95%
Major ReligionIslam
95%
Border CountryPakistan
95%
Drives on this side of the roadRight
94%
Border CountryIran
92%
Ruled by this group, 1996-2001Taliban
85%
Border CountryTurkmenistan
83%
Border CountryUzbekistan
82%
Border CountryTajikistan
82%
Border CountryChina
79%
Official LanguagePersian
69%
Was part of this famous ancient path across AsiaSilk Road
69%
Official LanguagePashto
54%
CurrencyAfghani
41%

Score Distribution

Percentile by Number Answered

Percent of People with Each Score

Your Score History

You have not taken this quiz since the last reset